|
|
|
|
| LEADER |
03321nam a2200817 i 4500 |
| 001 |
nkc20162865256 |
| 003 |
CZ PrNK |
| 005 |
20170522071921.0 |
| 007 |
ta |
| 008 |
170103s2016 xr e 001 1dcze |
| 015 |
|
|
|a cnb002865256
|
| 020 |
|
|
|a 978-80-7511-073-2
|q (vázáno)
|
| 035 |
|
|
|a (OCoLC)972606980
|
| 040 |
|
|
|a ABA001
|b cze
|e rda
|
| 041 |
1 |
|
|a cze
|h eng
|
| 045 |
|
|
|a x-y-
|
| 072 |
|
7 |
|a 28
|x Islám
|2 Konspekt
|9 5
|
| 080 |
|
|
|a 28
|2 MRF
|
| 080 |
|
|
|a 28-833-838-844:316.75
|2 MRF
|
| 080 |
|
|
|a 28-028.43
|2 MRF
|
| 080 |
|
|
|a 32:316.75
|2 MRF
|
| 080 |
|
|
|a 2-285.4
|2 MRF
|
| 080 |
|
|
|a 316.647.5
|2 MRF
|
| 080 |
|
|
|a 316.722:28
|2 MRF
|
| 080 |
|
|
|a 316.72/.75(1-15)
|2 MRF
|
| 080 |
|
|
|a (047.53)
|2 MRF
|
| 080 |
|
|
|a (0:82-83)
|2 MRF
|
| 100 |
1 |
|
|a Harris, Sam,
|d 1967-
|7 jx20100630004
|4 aut
|
| 240 |
1 |
0 |
|a Islam and the future of tolerance.
|l Česky
|
| 245 |
1 |
0 |
|a Islám a budoucnost tolerance :
|b rozhovor /
|c Sam Harris, Mádžid Nawáz ; z anglického originálu Islam and the future of tolerance - a dialogue ... přeložil Ladislav Dlabal
|
| 250 |
|
|
|a Vydání první
|
| 264 |
|
1 |
|a Praha :
|b Volvox Globator,
|c 2016
|
| 300 |
|
|
|a 122 stran ;
|c 21 cm
|
| 336 |
|
|
|a text
|b txt
|2 rdacontent
|
| 337 |
|
|
|a bez média
|b n
|2 rdamedia
|
| 338 |
|
|
|a svazek
|b nc
|2 rdacarrier
|
| 504 |
|
|
|a Obsahuje bibliografii, bibliografické odkazy a rejstřík
|
| 600 |
1 |
7 |
|a Harris, Sam,
|d 1967-
|7 jx20100630004
|2 czenas
|
| 600 |
1 |
7 |
|a Nawaz, Maajid,
|d 1978-
|7 xx0208761
|2 czenas
|
| 648 |
|
7 |
|a 20.-21. století
|7 ch462155
|2 czenas
|
| 648 |
|
7 |
|a 21. století
|7 ch460559
|2 czenas
|
| 650 |
0 |
7 |
|a islám
|7 ph114798
|y 20.-21. století
|2 czenas
|
| 650 |
0 |
7 |
|a islamismus
|7 ph811005
|y 20.-21. století
|2 czenas
|
| 650 |
0 |
7 |
|a kritika islámu
|7 ph552882
|y 20.-21. století
|2 czenas
|
| 650 |
0 |
7 |
|a politické ideologie
|7 ph124244
|y 20.-21. století
|2 czenas
|
| 650 |
0 |
7 |
|a náboženské polemiky
|7 ph180961
|y 20.-21. století
|2 czenas
|
| 650 |
0 |
7 |
|a islám
|7 ph114798
|x reformy
|y 21. století
|2 czenas
|
| 650 |
0 |
7 |
|a tolerance (postoj)
|7 ph126676
|x islámské pojetí
|y 21. století
|2 czenas
|
| 650 |
0 |
7 |
|a islámská civilizace
|7 ph121212
|y 21. století
|2 czenas
|
| 650 |
0 |
7 |
|a západní civilizace
|7 ph127736
|y 21. století
|2 czenas
|
| 650 |
0 |
9 |
|a Islam
|y 20th-21st centuries
|2 eczenas
|
| 650 |
0 |
9 |
|a Islamism
|y 20th-21st centuries
|2 eczenas
|
| 650 |
0 |
9 |
|a critique of Islam
|y 20th-21st centuries
|2 eczenas
|
| 650 |
0 |
9 |
|a political ideologies
|y 20th-21st centuries
|2 eczenas
|
| 650 |
0 |
9 |
|a religious polemics
|y 20th-21st centuries
|2 eczenas
|
| 650 |
0 |
9 |
|a Islam
|x reforms
|y 21st century
|2 eczenas
|
| 650 |
0 |
9 |
|a tolerance (philosophy)
|x Islamic approach
|y 21st century
|2 eczenas
|
| 650 |
0 |
9 |
|a Islamic civilization
|y 21st century
|2 eczenas
|
| 650 |
0 |
9 |
|a western civilization
|y 21st century
|2 eczenas
|
| 655 |
|
7 |
|a rozhovory
|7 fd133303
|2 czenas
|
| 655 |
|
7 |
|a dialogy
|7 fd132012
|2 czenas
|
| 655 |
|
9 |
|a interviews
|2 eczenas
|
| 655 |
|
9 |
|a dialogues
|2 eczenas
|
| 700 |
1 |
|
|a Nawaz, Maajid,
|d 1978-
|7 xx0208761
|4 aut
|
| 700 |
1 |
|
|a Dlabal, Ladislav
|7 xx0057763
|4 trl
|
| 910 |
2 |
|
|a BOA001
|b 2-1381.378
|
| 990 |
|
|
|a BK
|
| 995 |
|
|
|a 01
|
| 991 |
|
|
|b 201701
|c NOV
|
| 996 |
6 |
|
|b 2610695484
|c 2-1381.378
|l MZK
|r Sklad / do 1 hodiny
|n 0
|p p.v.
|w 001596558
|u 000010
|a 1
|e BOA001
|j MZK50
|s P
|
| 996 |
7 |
|
|b 2610696098
|c 2-1381.378
|l MZK
|r Sklad / do 1 hodiny
|n 14
|p kup
|w 001596558
|u 000020
|a 1
|e BOA001
|j MZK50
|s A
|